000 00475nam a2200181Ia 4500
008 131103s9999 xx 000 0 und d
040 _aLoreto College
041 _aEnglish
082 _a920/OMM
_bLCLIB
100 _aOmmanney, F D
245 4 _aThe house in the park
_cF D Ommanney
260 _aLondon
_bThe Right Book Club
_c1946
300 _a190p.
_c 23cm.
650 _aPark, Richmond - Biography
651 _aBiography
850 _aLCLIB/920/OMM
942 _cBK
999 _c25032
_d75511